Current problems in cancer: recent advances in surgery for colon and rectal cancer (Record no. 38152)

MARC details
000 -LEADER
fixed length control field 00479nam a2200157Ia 4500
022 ## - INTERNATIONAL STANDARD SERIAL NUMBER
ISSN 01470272
050 ## - CALL MARK
Classification number RC 261.A1 .C875/
245 #0 - TITLE STATEMENT
Title Current problems in cancer: recent advances in surgery for colon and rectal cancer
260 ## - PUBLICATION, DISTRIBUTION, ETC. (IMPRINT)
Name of publisher Mosby
260 ## - PUBLICATION, DISTRIBUTION, ETC. (IMPRINT)
Year of publication 1993
300 ## - PHYSICAL DESCRIPTION
Number of Pages 501 p. : ill. ; 22 cm.
650 ## - SUBJECT ADDED ENTRY--TOPICAL TERM
Topical Term Cancer--Periodicals. Neoplasms--Periodicals. Cancer--Collections.
942 ## - ADDED ENTRY ELEMENTS (KOHA)
Koha item type Serials

No items available.